Les joueurs les plus décisifs par saison depuis 2003/04. - Statistiques

Statistiques générales
  • Ce quiz a été pris 157 fois
  • Le résultat moyen est 18 sur 20
Statistiques - réponses
Saison G+A Réponse G/A Matchs % Correct
2022/23 67 Kylian Mbappe 54/13 56
99%
2021/22 75 Kylian Mbappe 49/26 55
99%
2013/14 77 Cristiano Ronaldo 62/15 57
98%
2007/08 54 Cristiano Ronaldo 46/8 61
98%
2006/07 44 Cristiano Ronaldo 28/16 61
98%
2018/19 74 Lionel Messi 54/20 58
98%
2017/18 73 Lionel Messi 52/21 64
98%
2016/17 75 Lionel Messi 57/18 57
98%
2014/15 94 Lionel Messi 62/32 67
98%
2012/13 87 Lionel Messi 69/18 62
98%
2011/12 116 Lionel Messi 82/34 69
98%
2010/11 86 Lionel Messi 57/29 66
98%
2009/10 60 Lionel Messi 48/12 64
98%
2008/09 60 Lionel Messi 41/19 60
98%
2020/21 68 Robert Lewandowski 56/12 50
87%
2019/20 70 Robert Lewandowski 59/11 53
87%
2015/16 83 Luis Suarez 60/23 55
79%
2004/05 48 Thierry Henry 31/17 49
61%
2003/04 60 Thierry Henry 44/16 63
61%
2005/06 64 Miroslav Klose 40/24 56
9%
Aucun quiz correspondant
Distribution des résultats
% des personnes avec chaque résultat
Percentile par nombre de réponses
Votre historique - résultats
Vous n’avez pas pris ce quiz